[Event "VIII Open A"]
[Site "Vicenza ITA"]
[Date "2004.10.03"]
[Round "3"]
[White "Opacic, Alexandar"]
[Black "Giuriato, Sergio"]
[Result "1/2-1/2"]
[WhiteElo "2105"]
[BlackElo "2020"]
[PlyCount "127"]
[EventDate "2004.10.02"]

1. e4 Nc6 2. Bc4 e6 3. Nc3 Nf6 4. d3 d5 5. Bb3 dxe4 6. Nxe4 Nxe4 7. dxe4 Qxd1+
8. Kxd1 Bc5 9. Ke1 Nd4 10. Ne2 Nxb3 11. axb3 Bd7 12. Bf4 Rc8 13. Be5 f6 14. Bd4
Bxd4 15. Nxd4 c5 16. Nf3 Bc6 17. Nd2 a6 18. f3 Bb5 19. Kf2 Ke7 20. Ke3 Rhd8 21.
Rhd1 c4 22. bxc4 Bxc4 23. Nxc4 Rxc4 24. Rxd8 Kxd8 25. Kd3 Rc6 26. Ra4 Kc7 27.
e5 fxe5 28. Rh4 h6 29. Rg4 Rd6+ 30. Ke3 Rd7 31. Rg6 Kd6 32. Ke4 Rc7 33. c3 a5
34. Kd3 b5 35. Rg4 Kd5 36. Rg6 Kd6 37. Rg4 Kd5 38. Kd2 g5 39. Re4 Rc4 40. Re1
a4 41. Kd3 Rh4 42. h3 Rf4 43. Re2 h5 44. Re1 g4 45. fxg4 hxg4 46. h4 g3 47. Rh1
Rf2 48. Ke3 e4 49. Rd1+ Ke5 50. Rd2 Rf4 51. Rd4 Rxh4 52. Rb4 Kf6 53. Rxb5 Rh2
54. Kxe4 Rxg2 55. Kf3 Rc2 56. Kxg3 a3 57. bxa3 Rxc3+ 58. Kf2 Rxa3 59. Rb2 Kf5
60. Ke2 e5 61. Kf2 Kf4 62. Ke2 Rh3 63. Kf1 Rf3+ 64. Ke2 1/2-1/2

[Event "VIII Open A"]
[Site "Vicenza ITA"]
[Date "2004.10.03"]
[Round "3"]
[White "Paler, Adrian"]
[Black "Quaranta, Cristiano"]
[Result "1/2-1/2"]
[WhiteElo "1942"]
[BlackElo "2091"]
[PlyCount "70"]
[EventDate "2004.10.02"]

1. d4 Nf6 2. c4 g6 3. Nc3 Bg7 4. e4 d6 5. f4 O-O 6. Nf3 c5 7. d5 b5 8. cxb5 a6
9. bxa6 Bxa6 10. Bxa6 Rxa6 11. O-O Nbd7 12. Kh1 Qa8 13. Qe2 Rb8 14. Rb1 Ne8 15.
e5 dxe5 16. fxe5 Nc7 17. Rd1 Rab6 18. Bf4 Rb4 19. Qd2 Nb6 20. b3 c4 21. Bg5 Bf8
22. Bh6 Nbxd5 23. Nxd5 Qxd5 24. Qxd5 Nxd5 25. Bxf8 Nc3 26. Bxe7 R4b7 27. Bd6
Rd8 28. Rdc1 Nxb1 29. Rxb1 Ra8 30. Rc1 cxb3 31. axb3 Rxb3 32. Be7 Rab8 33. h3
Rb1 34. Rxb1 Rxb1+ 35. Kh2 Ra1 1/2-1/2

[Event "VIII Open A"]
[Site "Vicenza ITA"]
[Date "2004.10.03"]
[Round "3"]
[White "Roberti, Ignazio"]
[Black "Drezzadore, Dario"]
[Result "0-1"]
[WhiteElo "1960"]
[BlackElo "1841"]
[PlyCount "130"]
[EventDate "2004.10.02"]

1. e4 e6 2. d4 d5 3. e5 c5 4. Nf3 Nc6 5. c3 Qb6 6. Be2 Bd7 7. O-O Nge7 8. dxc5
Qxc5 9. Na3 Ng6 10. Be3 Qa5 11. Bd4 Bxa3 12. bxa3 Qxa3 13. Rb1 b6 14. h4 Rc8
15. Qd2 Qe7 16. g3 Qd8 17. h5 Nge7 18. g4 h6 19. Nh2 Na5 20. f4 Nc4 21. Qd3 Nc6
22. Nf3 Qc7 23. g5 hxg5 24. Nxg5 Rh6 25. Rbc1 Qd8 26. Qg3 Ne7 27. Bg4 Nf5 28.
Bxf5 exf5 29. e6 Bxe6 30. Bxg7 Rxh5 31. Nxe6 Qd6 32. Bf8 Qxe6 33. Rfe1 Qxe1+
34. Rxe1+ Kxf8 35. Qf3 Rh4 36. Qxd5 Rg4+ 37. Kf2 Rxf4+ 38. Kg3 Rg4+ 39. Kf3 Rc5
40. Qd8+ Kg7 41. Re8 Ne5+ 42. Ke2 Re4+ 43. Kd1 Rg4 44. Rg8+ Kh7 45. Rh8+ Kg6
46. Qd6+ f6 47. Qf8 f4 48. Rh6+ Kf5 49. Rxf6+ Ke4 50. Qa8+ Ke3 51. Qh1 f3 52.
Qe1+ Kd3 53. Rd6+ Kc4 54. Rd4+ Rxd4+ 55. cxd4 Kxd4 56. Qf2+ Kc4 57. Qc2+ Kd4
58. Qf2+ Ke4 59. Qh4+ Kf5 60. Qh5+ Kf4 61. Qh4+ Ng4 62. Qd8 f2 63. Qd4+ Kf3 64.
Qd3+ Ne3+ 65. Kd2 Rc2+ 0-1

[Event "VIII Open A"]
[Site "Vicenza ITA"]
[Date "2004.10.03"]
[Round "3"]
[White "Rostolis, Riccardo"]
[Black "Petruk, Mykola"]
[Result "0-1"]
[WhiteElo "1748"]
[BlackElo "2009"]
[PlyCount "48"]
[EventDate "2004.10.02"]

1. e4 e6 2. d4 d5 3. e5 c5 4. c3 Nc6 5. Nf3 cxd4 6. cxd4 f5 7. Nc3 Bb4 8. Bd3
a6 9. Bg5 Be7 10. h4 Bd7 11. Bxe7 Ngxe7 12. Ng5 h6 13. Nh3 Qb6 14. Nf4 O-O-O
15. Rc1 Qxd4 16. Nfe2 Qxe5 17. Qa4 d4 18. Nb1 Kb8 19. Nd2 Qa5 20. Qb3 e5 21.
Ng3 e4 22. Bb1 Ne5 23. Ngf1 Rc8 24. Rd1 Ba4 0-1

[Event "VIII Open A"]
[Site "Vicenza ITA"]
[Date "2004.10.03"]
[Round "3"]
[White "Solinas, Carlo"]
[Black "Martinello, Christian"]
[Result "0-1"]
[WhiteElo "2094"]
[BlackElo "1949"]
[PlyCount "58"]
[EventDate "2004.10.02"]

1. e4 e6 2. d4 d5 3. Nc3 Bb4 4. e5 c5 5. a3 Bxc3+ 6. bxc3 Ne7 7. h4 Qa5 8. Bd2
Nbc6 9. h5 Bd7 10. h6 gxh6 11. Rxh6 O-O-O 12. Nf3 Ng8 13. Rh4 f6 14. c4 Qc7 15.
cxd5 exd5 16. Bf4 fxe5 17. Nxe5 Re8 18. c3 Qa5 19. Be2 Nxd4 20. Kf1 Nxe2 21.
Kxe2 Bb5+ 22. Kd2 Nf6 23. Qc2 Ne4+ 24. Kc1 Rhf8 25. g3 Nxc3 26. Bd2 d4 27. Bxc3
Qxc3 28. Qxc3 dxc3 29. f4 Rxe5 0-1

[Event "VIII Open A"]
[Site "Vicenza ITA"]
[Date "2004.10.03"]
[Round "3"]
[White "Ventura, Boris"]
[Black "Castellano, Alfonso"]
[Result "1/2-1/2"]
[WhiteElo "2179"]
[BlackElo "1881"]
[PlyCount "82"]
[EventDate "2004.10.02"]

1. e4 c5 2. Nf3 d6 3. d4 cxd4 4. Nxd4 Nf6 5. Nc3 a6 6. Be2 e5 7. Nb3 Be7 8. O-O
Be6 9. f4 Qc7 10. Kh1 O-O 11. Nd5 Bxd5 12. exd5 Nbd7 13. c4 Ne4 14. Bd3 Ndf6
15. Qe2 Nc5 16. Nxc5 Qxc5 17. fxe5 dxe5 18. Qxe5 Bd6 19. Qf5 Rae8 20. Bf4 Qc7
21. Bxd6 Qxd6 22. Rae1 Qb4 23. Rxe8 Rxe8 24. Qf2 Qe7 25. h3 Qe5 26. g3 Re7 27.
Kg2 Ne4 28. Qf4 Qxb2+ 29. Kh1 Nf6 30. d6 Rd7 31. Bf5 Rd8 32. d7 Qb6 33. g4 Nxd7
34. Rd1 Nc5 35. Rxd8+ Qxd8 36. Bxh7+ Kxh7 37. Qf5+ Kg8 38. Qxc5 Qd1+ 39. Kg2
Qe2+ 40. Kg3 Qe1+ 41. Kg2 Qe2+ 1/2-1/2

[Event "VIII Open A"]
[Site "Vicenza ITA"]
[Date "2004.10.03"]
[Round "3"]
[White "Verducci, Gianni"]
[Black "Rossi, Gianni"]
[Result "1-0"]
[WhiteElo "2045"]
[BlackElo "2187"]
[PlyCount "168"]
[EventDate "2004.10.02"]

1. e4 Nf6 2. e5 Nd5 3. Bc4 Nb6 4. Bb3 c5 5. c3 d5 6. d4 cxd4 7. cxd4 Nc6 8. Ne2
Bg4 9. Nbc3 e6 10. O-O Be7 11. Bc2 O-O 12. f3 Bh5 13. Nf4 Bg6 14. Nxg6 hxg6 15.
a3 Rc8 16. Ne2 Qc7 17. Bb1 a5 18. Qd3 a4 19. Nf4 Nxd4 20. Nxg6 fxg6 21. Qxg6
Rf5 22. Bxf5 exf5 23. Bh6 Bc5 24. Kh1 Qxe5 25. Rfe1 Qf6 26. Qxf6 gxf6 27. Rad1
Kf7 28. Be3 Ne6 29. Bxc5 Rxc5 30. Rd2 d4 31. Rde2 Rc6 32. h4 Nc4 33. Rd1 Ne3
34. Rxd4 Nxd4 35. Rxe3 Re6 36. Rd3 Nc6 37. b3 axb3 38. Rxb3 Na5 39. Rb4 Kg6 40.
g4 fxg4 41. fxg4 Re5 42. Kg2 Rc5 43. Ra4 b6 44. Rb4 Rc4 45. Rxb6 Rxg4+ 46. Kh3
Ra4 47. h5+ Kg5 48. Rb5+ f5 49. h6 Rxa3+ 50. Kg2 Nc6 51. h7 Ra8 52. Kg3 Rh8 53.
Rb7 Ne5 54. Rg7+ Kf6 55. Ra7 Ng6 56. Kf3 Ne7 57. Kf4 Rxh7 58. Ra6+ Kf7 59. Ke5
Rh1 60. Rf6+ Kg7 61. Ra6 Re1+ 62. Kf4 Kf7 63. Kg5 Re6 64. Ra7 Rg6+ 65. Kf4 Rg4+
66. Kf3 Kf6 67. Ra8 Ng6 68. Ra6+ Kg5 69. Ra5 Nh4+ 70. Kf2 Rb4 71. Ra8 Kf4 72.
Rh8 Rb2+ 73. Kg1 Nf3+ 74. Kf1 Nh2+ 75. Ke1 Kf3 76. Rc8 f4 77. Rc3+ Kg4 78. Rc4
Kg3 79. Rc8 Ng4 80. Rc3+ f3 81. Kd1 Kg2 82. Kc1 Ra2 83. Kb1 Re2 84. Rc4 84...
Re1+ $139 1-0

[Event "VIII Open A"]
[Site "Vicenza ITA"]
[Date "2004.10.09"]
[Round "4"]
[White "Bdair, Bilal"]
[Black "Paler, Adrian"]
[Result "1-0"]
[WhiteElo "2004"]
[BlackElo "1942"]
[PlyCount "117"]
[EventDate "2004.10.02"]

1. d4 Nf6 2. c4 e6 3. Nc3 d5 4. cxd5 exd5 5. Bg5 c6 6. Qc2 Bd6 7. e3 O-O 8. Bd3
h6 9. Bh4 Re8 10. Nge2 Nbd7 11. g4 Qa5 12. g5 hxg5 13. Bxg5 Ne4 14. Bxe4 dxe4
15. h4 Nb6 16. O-O-O Bg4 17. Rdg1 Bf3 18. Rh3 Qf5 19. Nf4 Qa5 20. Bh6 Bf8 21.
Bxg7 Bxg7 22. Rhg3 Kh8 23. Rxg7 Rg8 24. R7g5 Rxg5 25. Rxg5 Qb4 26. Qb3 Qxb3 27.
axb3 Nd7 28. b4 Rg8 29. Rg3 Nf6 30. Kd2 Kh7 31. Ke1 Rg4 32. Rxg4 Bxg4 33. b5
Bd7 34. bxc6 Bxc6 35. d5 Bd7 36. Nfe2 Kg6 37. Ng3 Bf5 38. d6 a6 39. Ncxe4 Bxe4
40. Nxe4 Nd7 41. b4 b6 42. Kd2 Kh5 43. Kd3 Kxh4 44. Kd4 f5 45. Nc3 Kg5 46. Kd5
Kf6 47. Kc6 Ke6 48. Na4 a5 49. b5 Ne5+ 50. Kxb6 Kxd6 51. Kxa5 Nd3 52. b6 Kc6
53. Ka6 Nb4+ 54. Ka7 Kb5 55. Nc3+ Kc4 56. b7 Kxc3 57. Kb6 Nd5+ 58. Kc6 Nb4+ 59.
Kb5 1-0

[Event "VIII Open A"]
[Site "Vicenza ITA"]
[Date "2004.10.09"]
[Round "4"]
[White "Castellano, Alfonso"]
[Black "Roberti, Ignazio"]
[Result "1/2-1/2"]
[WhiteElo "1881"]
[BlackElo "1960"]
[PlyCount "129"]
[EventDate "2004.10.02"]

1. c4 c6 2. Nf3 d5 3. b3 Nf6 4. Bb2 g6 5. e3 Bg7 6. Be2 a6 7. O-O O-O 8. c5
Nbd7 9. d4 a5 10. Nc3 Nh5 11. Na4 Qc7 12. Bc3 b5 13. cxb6 Nxb6 14. Nc5 Nd7 15.
b4 Nxc5 16. bxc5 Ba6 17. a4 Nf6 18. Nd2 Nd7 19. Nb3 Bxe2 20. Qxe2 Rfb8 21. Rfb1
Ra7 22. Qe1 Rba8 23. Ra2 e5 24. Rab2 exd4 25. exd4 Qf4 26. Re2 Nf6 27. f3 Qf5
28. Nxa5 Qd7 29. Rb6 Rc7 30. Qb1 Rcc8 31. Rb7 Rc7 32. Rb8+ Rc8 33. Rb7 Rc7 34.
Rxc7 Qxc7 35. Qb6 Qf4 36. Nxc6 Qc1+ 37. Be1 Qa1 38. a5 Qd1 39. Qb2 Nd7 40. Qd2
Qa4 41. Ne7+ Kh8 42. Bf2 Nf6 43. c6 Bf8 44. c7 Bxe7 45. Rxe7 Kg7 46. Qe3 Qc6
47. h3 Kf8 48. Bh4 Ng8 49. Re5 Qxc7 50. Qa3+ Kg7 51. Rxd5 Rb8 52. Qd3 Qc1+ 53.
Qf1 Qe3+ 54. Bf2 Qe6 55. Re5 Qd6 56. Qd3 Ne7 57. Rb5 Rc8 58. Qd2 Qa3 59. d5 Qd6
60. Qd4+ Kg8 61. Rc5 Rb8 62. Qd3 Ra8 63. Qb3 Rb8 64. Rb5 Rc8 65. Be3 1/2-1/2

[Event "VIII Open A"]
[Site "Vicenza ITA"]
[Date "2004.10.09"]
[Round "4"]
[White "De Napoli, Giuseppe"]
[Black "Dvirnyy, Danyyil"]
[Result "0-1"]
[WhiteElo "2097"]
[BlackElo "2087"]
[PlyCount "86"]
[EventDate "2004.10.02"]

1. d4 Nf6 2. Nf3 g6 3. c4 Bg7 4. Nc3 d6 5. g3 O-O 6. Bg2 Nbd7 7. O-O Re8 8. h3
e5 9. dxe5 dxe5 10. Qc2 c6 11. Rd1 Qe7 12. e4 h6 13. Be3 Nh5 14. Ne2 Nc5 15.
Rd2 Nxe4 16. Qxe4 Bf5 17. Bg5 Bxe4 18. Bxe7 Rxe7 19. Nc3 Bxf3 20. Bxf3 Nf6 21.
Re1 Rae8 22. Na4 Nh7 23. Red1 Ng5 24. Bg2 Ne6 25. Rd7 Nd4 26. Rxe7 Rxe7 27. Kf1
f5 28. b3 e4 29. Re1 Kf7 30. h4 b6 31. Re3 Rd7 32. Kg1 Nc2 33. Re2 Rd1+ 34. Kh2
Nd4 35. Re3 Rd2 36. Nc3 Nc2 37. Nxe4 fxe4 38. Rxe4 Rxf2 39. Kg1 Bd4 40. Kh1 c5
41. Rg4 Ne3 42. Bd5+ Nxd5 43. cxd5 Rf5 0-1

[Event "VIII Open A"]
[Site "Vicenza ITA"]
[Date "2004.10.09"]
[Round "4"]
[White "Gennari, Leone"]
[Black "Faccia, Sergio"]
[Result "1-0"]
[WhiteElo "2079"]
[BlackElo "2005"]
[PlyCount "89"]
[EventDate "2004.10.02"]

1. d4 e5 2. dxe5 f6 3. exf6 Nxf6 4. Bg5 Bc5 5. e3 d5 6. Nf3 c6 7. Nbd2 O-O 8.
Nb3 Bb6 9. Be2 Bg4 10. O-O Nbd7 11. h3 Bh5 12. Nfd4 Bxe2 13. Nxe2 Qe8 14. Bf4
Ne4 15. Nbd4 Ne5 16. c3 Nc4 17. Qc2 Ncd2 18. Rfd1 Nc4 19. b3 Ne5 20. Rf1 Rc8
21. Ng3 c5 22. Nxe4 dxe4 23. Bxe5 Qxe5 24. Ne2 Bc7 25. g3 Rf3 26. Rad1 Rcf8 27.
c4 Qf5 28. Nf4 g5 29. Rd5 Be5 30. g4 Qf6 31. Nh5 Qe6 32. Kg2 Bf6 33. Rxc5 h6
34. Rd5 Bd8 35. Qd2 Bc7 36. Rd7 Qe5 37. Qd5+ Qxd5 38. cxd5 Bb6 39. Ng3 h5 40.
gxh5 Kh8 41. Nxe4 Bxe3 42. Rxb7 Bb6 43. Re7 R3f4 44. f3 Rh4 45. d6 1-0

[Event "VIII Open A"]
[Site "Vicenza ITA"]
[Date "2004.10.09"]
[Round "4"]
[White "Giuriato, Sergio"]
[Black "De Mori, Michele"]
[Result "1/2-1/2"]
[WhiteElo "2020"]
[BlackElo "1928"]
[PlyCount "70"]
[EventDate "2004.10.02"]

1. Nf3 Nf6 2. d4 Ne4 3. g3 d5 4. Bg2 e6 5. O-O Be7 6. c4 c6 7. Qc2 Nd7 8. Nbd2
f5 9. Ne5 Nxe5 10. dxe5 O-O 11. Nxe4 fxe4 12. Be3 Bd7 13. Rad1 b6 14. f3 exf3
15. exf3 Rc8 16. f4 Qc7 17. Qd3 g6 18. cxd5 cxd5 19. Bxd5 Bc5 20. Bf3 Rfd8 21.
Bxc5 Qxc5+ 22. Qd4 Qa5 23. a3 Ba4 24. Qxd8+ Rxd8 25. Rxd8+ Kg7 26. Rc1 Bb5 27.
Kg2 Kh6 28. Kh3 Qa6 29. Rc7 g5 30. Rf8 Bd3 31. Rf6+ Bg6 32. Kg4 gxf4 33. h4
fxg3 34. h5 g2 35. Bxg2 Qe2+ 1/2-1/2

[Event "VIII Open A"]
[Site "Vicenza ITA"]
[Date "2004.10.09"]
[Round "4"]
[White "Lain, Luigi"]
[Black "Cacco, Christian"]
[Result "1-0"]
[WhiteElo "2262"]
[BlackElo "2280"]
[PlyCount "59"]
[EventDate "2004.10.02"]

1. d4 c5 2. d5 e6 3. c4 exd5 4. cxd5 d6 5. e4 g6 6. Nc3 Bg7 7. f4 Ne7 8. Be2
O-O 9. Nf3 Nd7 10. O-O h6 11. Nb5 Nf6 12. e5 Ne8 13. Nc3 a6 14. a4 b6 15. Qb3
Bg4 16. Be3 Nf5 17. Bf2 Bxf3 18. Bxf3 dxe5 19. fxe5 Bxe5 20. a5 b5 21. Bxc5
Bxh2+ 22. Kxh2 Qc7+ 23. d6 Nexd6 24. Bxd6 Qxd6+ 25. Kg1 Rad8 26. Bd5 Qc5+ 27.
Rf2 Ne3 28. Bxf7+ Kg7 29. Qe6 Rd6 30. Ne4 1-0

[Event "VIII Open A"]
[Site "Vicenza ITA"]
[Date "2004.10.09"]
[Round "4"]
[White "Luciani, Valerio"]
[Black "Verducci, Gianni"]
[Result "1-0"]
[WhiteElo "2182"]
[BlackElo "2045"]
[PlyCount "121"]
[EventDate "2004.10.02"]

1. d4 d5 2. c4 e6 3. Nc3 Nf6 4. cxd5 exd5 5. Bg5 Be7 6. e3 O-O 7. Qc2 h6 8. Bh4
b6 9. Bd3 Ba6 10. Nge2 Bxd3 11. Qxd3 Nbd7 12. O-O c6 13. f3 Nh5 14. Bxe7 Qxe7
15. g4 Nhf6 16. Ng3 Nh7 17. Nf5 Qg5 18. h4 Qf6 19. Ne2 g6 20. Nfg3 Qxh4 21. Kg2
Qg5 22. Rh1 Rae8 23. Nf4 c5 24. Rh2 cxd4 25. Qxd4 Qe5 26. Nxd5 Nhf6 27. Nxf6+
Nxf6 28. Rxh6 Qxe3 29. Qxe3 Rxe3 30. g5 Nh5 31. Rh1 Rd8 32. Nxh5 gxh5 33. R6xh5
Rd2+ 34. Kg3 Rxb2 35. Kf4 Rc3 36. Rh8+ Kg7 37. R1h7+ Kg6 38. Rh6+ Kg7 39. R6h7+
Kg6 40. Rh6+ Kg7 41. R8h7+ Kg8 42. g6 fxg6 43. Rxa7 Rc6 44. Rhh7 Rf6+ 45. Ke5
Rxf3 46. Rhg7+ Kf8 47. Rxg6 Rff2 48. a4 Rfe2+ 49. Kd5 Rec2 50. Rf6+ Ke8 51. Kd6
Rd2+ 52. Kc6 Rdc2+ 53. Kb7 Kd7 54. Kb8+ Ke8 55. Rh6 Rf2 56. Rhh7 Rbd2 57. Rac7
Rf1 58. Rh8+ Rf8 59. Rc8+ Rd8 60. Rxf8+ Kxf8 61. Rxd8+ 1-0

[Event "VIII Open A"]
[Site "Vicenza ITA"]
[Date "2004.10.09"]
[Round "4"]
[White "Martinello, Christian"]
[Black "Danieli, Enrico"]
[Result "1-0"]
[WhiteElo "1949"]
[BlackElo "2142"]
[PlyCount "81"]
[EventDate "2004.10.02"]

1. d4 Nf6 2. Nf3 c5 3. c3 e6 4. Bf4 b6 5. e3 Be7 6. Bd3 Bb7 7. O-O O-O 8. Nbd2
d6 9. h3 Nc6 10. Qe2 Re8 11. e4 cxd4 12. Nxd4 e5 13. Nxc6 Bxc6 14. Bg5 h6 15.
Bxf6 Bxf6 16. Bb5 Qd7 17. Bxc6 Qxc6 18. Qc4 Qb7 19. Rfd1 b5 20. Qd3 Rad8 21.
Nf1 Bg5 22. g3 h5 23. Qe2 g6 24. Rd5 a6 25. Rad1 Qb6 26. h4 Bh6 27. Nh2 Re6 28.
R1d3 f6 29. g4 hxg4 30. Qxg4 Kf7 31. Rg3 Rg8 32. h5 g5 33. Qf5 Bf8 34. Nf3 Ke7
35. Nh4 Qd8 36. Qh7+ Bg7 37. h6 Kf8 38. hxg7+ Rxg7 39. Qh8+ Rg8 40. Qh6+ Kf7
41. Nf5 1-0

[Event "VIII Open A"]
[Site "Vicenza ITA"]
[Date "2004.10.09"]
[Round "4"]
[White "Petruk, Mykola"]
[Black "Opacic, Alexandar"]
[Result "1-0"]
[WhiteElo "2009"]
[BlackElo "2105"]
[PlyCount "27"]
[EventDate "2004.10.02"]

1. d4 d5 2. c4 c6 3. cxd5 cxd5 4. Nc3 Nc6 5. Nf3 Nf6 6. Bf4 a6 7. e3 e6 8. Bd3
Be7 9. O-O Nh5 10. Be5 Nxe5 11. dxe5 g6 12. e4 Nf4 13. exd5 exd5 14. Qa4+ 1-0

[Event "VIII Open A"]
[Site "Vicenza ITA"]
[Date "2004.10.09"]
[Round "4"]
[White "Quaranta, Cristiano"]
[Black "Cracco, Pietro"]
[Result "1/2-1/2"]
[WhiteElo "2091"]
[BlackElo "2000"]
[PlyCount "23"]
[EventDate "2004.10.02"]

1. d4 e6 2. Nf3 Nf6 3. Nbd2 c5 4. c3 b6 5. e4 Ba6 6. Nc4 Nxe4 7. d5 Nd6 8. dxe6
dxe6 9. Nxd6+ Qxd6 10. Qa4+ Qd7 11. Qe4 Qd5 12. Qa4+ 1/2-1/2

[Event "VIII Open A"]
[Site "Vicenza ITA"]
[Date "2004.10.09"]
[Round "4"]
[White "Rossi, Gianni"]
[Black "Casciello, Dimitri"]
[Result "0-1"]
[WhiteElo "2187"]
[BlackElo "1856"]
[PlyCount "122"]
[EventDate "2004.10.02"]

1. d4 Nf6 2. f3 g6 3. e4 d6 4. Nc3 Bg7 5. Be3 c6 6. Qd2 h5 7. O-O-O Na6 8. h3
Nc7 9. f4 d5 10. e5 Ng8 11. Bd3 Nh6 12. Nf3 Bf5 13. Bf2 Qd7 14. Nh4 Bxd3 15.
Qxd3 Nf5 16. Nxf5 Qxf5 17. Qf3 Ne6 18. Be3 h4 19. Ne2 Qh5 20. Qf2 Nc7 21. g4
hxg3 22. Nxg3 Qh4 23. f5 O-O-O 24. Rdg1 Bh6 25. c3 Rdg8 26. Qd2 e6 27. f6 Bxe3
28. Qxe3 Qh6 29. Kd2 Qxe3+ 30. Kxe3 Rh4 31. Nf1 Rgh8 32. Rg3 Kd7 33. Nd2 Ke8
34. Nf3 R4h5 35. Ng5 Na6 36. b4 Nb8 37. a4 Nd7 38. a5 a6 39. Rc1 Rh4 40. Rc2
R8h5 41. Rcg2 Rh8 42. Rf2 Nf8 43. c4 dxc4 44. Rff3 c3 45. Rf2 R8h5 46. Kd3 Nh7
47. Ne4 Rxh3 48. Nd6+ Kd7 49. Rff3 Rxg3 50. Rxg3 Nxf6 51. Kxc3 Nd5+ 52. Kc4 Kc7
53. Nxf7 Ne7 54. Nd6 Rh4 55. Kc5 Rh1 56. Rc3 Nd5 57. Rc4 g5 58. Ne8+ Kd7 59.
Nd6 g4 60. Nxb7 g3 61. Rc2 g2 0-1

[Event "VIII Open A"]
[Site "Vicenza ITA"]
[Date "2004.10.09"]
[Round "4"]
[White "Rostolis, Riccardo"]
[Black "Ventura, Boris"]
[Result "0-1"]
[WhiteElo "1748"]
[BlackElo "2179"]
[PlyCount "38"]
[EventDate "2004.10.02"]

1. e4 c5 2. Nf3 e6 3. d4 cxd4 4. Nxd4 Bc5 5. Nc3 Qb6 6. Na4 Qa5+ 7. c3 Bxd4 8.
Qxd4 Nf6 9. f3 Nc6 10. Qd1 O-O 11. Be3 d5 12. Bd3 dxe4 13. fxe4 Rd8 14. Qc2
Rxd3 15. Qxd3 Qxa4 16. Bd4 Nxd4 17. cxd4 Qb4+ 18. Kf1 Bd7 19. Rc1 Bb5 0-1

[Event "VIII Open A"]
[Site "Vicenza ITA"]
[Date "2004.10.10"]
[Round "5"]
[White "Cacco, Christian"]
[Black "Martinello, Christian"]
[Result "1-0"]
[WhiteElo "2280"]
[BlackElo "1949"]
[PlyCount "73"]
[EventDate "2004.10.02"]

1. d4 Nf6 2. Nf3 c5 3. d5 g6 4. c4 Bg7 5. Nc3 O-O 6. e4 d6 7. h3 e5 8. g4 Ne8
9. Bd3 Bd7 10. Bg5 f6 11. Be3 Nc7 12. Qd2 Qe7 13. a3 a5 14. b3 Qe8 15. a4 b6
16. O-O-O Kf7 17. Rdg1 Ke7 18. h4 Kd8 19. Nh2 Nba6 20. f4 Kc8 21. f5 Kb7 22.
Nf1 Rh8 23. g5 Qf7 24. Ng3 Raf8 25. Rf1 Qe7 26. Rf2 Be8 27. Bf1 Nb8 28. Bh3 Nd7
29. Rhf1 Rhg8 30. Rf3 Rf7 31. R1f2 Qf8 32. fxg6 hxg6 33. Be6 Rh8 34. Bxf7 Bxf7
35. gxf6 Bh6 36. Bg5 Bxg5 37. hxg5 1-0

[Event "VIII Open A"]
[Site "Vicenza ITA"]
[Date "2004.10.10"]
[Round "5"]
[White "Casciello, Dimitri"]
[Black "Lain, Luigi"]
[Result "0-1"]
[WhiteElo "1856"]
[BlackElo "2262"]
[PlyCount "70"]
[EventDate "2004.10.02"]

1. e4 e5 2. Nf3 Nc6 3. Bb5 Nge7 4. O-O g6 5. c3 Bg7 6. d4 exd4 7. cxd4 d5 8.
exd5 Nxd5 9. Re1+ Be6 10. Ng5 O-O 11. Bxc6 bxc6 12. Nxe6 fxe6 13. Qg4 Qf6 14.
Qxe6+ Qxe6 15. Rxe6 Bxd4 16. Nd2 Rxf2 17. Nb3 Raf8 18. h3 Bxb2 19. Bh6 Bxa1 20.
Bxf8 Rxa2 21. Bh6 c5 22. Re1 Bg7 23. Bxg7 Kxg7 24. Nxc5 a5 25. Re4 Kf7 26. g4
Rc2 27. Nb7 Nc3 28. Re5 a4 29. Ra5 Ke7 30. Nc5 Ra2 31. Kf1 a3 32. Nb3 Rb2 33.
Rxa3 Nb5 34. Ra8 Rxb3 35. Rh8 Rxh3 0-1

[Event "VIII Open A"]
[Site "Vicenza ITA"]
[Date "2004.10.10"]
[Round "5"]
[White "Cracco, Pietro"]
[Black "Rossi, Gianni"]
[Result "1/2-1/2"]
[WhiteElo "2000"]
[BlackElo "2187"]
[PlyCount "44"]
[EventDate "2004.10.02"]

1. c4 e5 2. g3 f5 3. Bg2 Nf6 4. Nc3 Bb4 5. Nd5 Nc6 6. Nxb4 Nxb4 7. Nf3 Nc6 8.
d3 O-O 9. O-O d6 10. a3 Bd7 11. b4 Ne7 12. Bb2 Ng6 13. b5 f4 14. Qb3 Qc8 15.
Rac1 fxg3 16. hxg3 h6 17. c5+ Be6 18. Qb4 Qd7 19. Rc2 Nd5 20. Qe4 Qf7 21. Nh4
Nxh4 22. Qxh4 Rac8 1/2-1/2

[Event "VIII Open A"]
[Site "Vicenza ITA"]
[Date "2004.10.10"]
[Round "5"]
[White "Danieli, Enrico"]
[Black "Solinas, Carlo"]
[Result "1-0"]
[WhiteElo "2142"]
[BlackElo "2094"]
[PlyCount "57"]
[EventDate "2004.10.02"]

1. d4 Nf6 2. Nf3 g6 3. Nc3 d5 4. Bf4 Ne4 5. e3 Bg7 6. Be2 O-O 7. Be5 c6 8. Bxg7
Nxc3 9. bxc3 Kxg7 10. c4 e6 11. O-O Nd7 12. cxd5 exd5 13. c4 Nb6 14. c5 Nd7 15.
Qc2 Qe7 16. Bd3 g5 17. Rae1 g4 18. Nd2 Qh4 19. e4 Nf6 20. e5 Ng8 21. g3 Qh5 22.
f4 gxf3 23. Nxf3 Bh3 24. Rf2 Ne7 25. Nh4 Kh8 26. Qd1 Qg5 27. Qb1 Qh5 28. Qxb7
Qg5 29. Nf3 1-0

[Event "VIII Open A"]
[Site "Vicenza ITA"]
[Date "2004.10.10"]
[Round "5"]
[White "De Mori, Michele"]
[Black "Bdair, Bilal"]
[Result "1-0"]
[WhiteElo "1928"]
[BlackElo "2004"]
[PlyCount "131"]
[EventDate "2004.10.02"]

1. d4 Nf6 2. Nf3 c5 3. e3 e6 4. Bd3 b6 5. O-O Bb7 6. Nbd2 d6 7. c3 Nbd7 8. Qe2
Be7 9. e4 Qc7 10. Re1 e5 11. d5 a6 12. c4 Rc8 13. b3 Nf8 14. Nf1 Rb8 15. a4 Bc8
16. Ng3 g6 17. h3 h5 18. Ng5 N8h7 19. Nxh7 Rxh7 20. f4 Kf8 21. fxe5 dxe5 22.
Qf3 Ne8 23. Rf1 Bf6 24. Be3 Bh8 25. Qf2 Nd6 26. a5 bxa5 27. Bxc5 Rxb3 28. Bxd6+
Qxd6 29. c5 Qc7 30. Qc2 Rb4 31. Rfb1 h4 32. Nf1 f5 33. Nd2 Rd7 34. Rf1 f4 35.
Nb3 Rxb3 36. Qxb3 Qxc5+ 37. Kh1 Qe3 38. Qc2 Rd8 39. Rxa5 Bxh3 40. Qc5+ Qxc5 41.
Rxc5 Bg4 42. Bxa6 Bf6 43. Rc6 Kg7 44. Rf2 Be7 45. Rc7 Kf6 46. Rfc2 Bd6 47. R7c6
Bd1 48. Rb2 Ba4 49. Bb5 Bd1 50. Be2 Bxe2 51. Rxe2 g5 52. Rb2 g4 53. Rbb6 Ke7
54. Rb7+ Kf6 55. Rh7 Kg5 56. Kh2 f3 57. gxf3 gxf3 58. Rf7 Rf8 59. Rxf8 Bxf8 60.
Rc7 f2 61. Rf7 Bc5 62. Kh3 Kg6 63. Rf5 Kg7 64. Kxh4 Kg6 65. Kg3 Kg7 66. Rxf2
1-0

[Event "VIII Open A"]
[Site "Vicenza ITA"]
[Date "2004.10.10"]
[Round "5"]
[White "Drezzadore, Dario"]
[Black "Quaranta, Cristiano"]
[Result "0-1"]
[WhiteElo "1841"]
[BlackElo "2091"]
[PlyCount "76"]
[EventDate "2004.10.02"]

1. e4 c5 2. d4 cxd4 3. c3 dxc3 4. Nxc3 Nc6 5. Nf3 e6 6. Bc4 Qc7 7. Qe2 d6 8.
Bf4 a6 9. O-O Nf6 10. h3 Be7 11. e5 dxe5 12. Nxe5 Nxe5 13. Bxe5 Bd6 14. Bxf6
gxf6 15. Nd5 Qd8 16. Rfd1 f5 17. Qe3 O-O 18. Nb6 Rb8 19. Rac1 f4 20. Qd4 Bc7
21. Qe4 Qe7 22. Nd5 Qd8 23. Nxc7 Qxc7 24. Bd3 f5 25. Rxc7 fxe4 26. Bxe4 h6 27.
Rh7 f3 28. g3 e5 29. Rxh6 Bf5 30. Bxf3 Kg7 31. Rb6 Bxh3 32. Rxb7+ Rxb7 33. Bxb7
Rb8 34. Bxa6 Rxb2 35. Bc4 Bg4 36. Rc1 Bf3 37. a4 Rb8 38. Ra1 Rh8 0-1

[Event "VIII Open A"]
[Site "Vicenza ITA"]
[Date "2004.10.10"]
[Round "5"]
[White "Dvirnyy, Danyyil"]
[Black "Luciani, Valerio"]
[Result "0-1"]
[WhiteElo "2087"]
[BlackElo "2182"]
[PlyCount "122"]
[EventDate "2004.10.02"]

1. e4 d6 2. d4 Nf6 3. Nc3 c6 4. g3 Nbd7 5. Bg2 e5 6. Nge2 Be7 7. O-O O-O 8. h3
Qc7 9. Be3 b5 10. a3 a6 11. g4 Bb7 12. Ng3 Rfd8 13. g5 Ne8 14. Nf5 Bf8 15. h4
Nb6 16. b3 c5 17. d5 Bc8 18. Ng3 Ra7 19. Bf3 Qd7 20. Qe2 g6 21. Bg2 Bg7 22. f3
f5 23. Nh1 f4 24. Bd2 h6 25. Qf2 hxg5 26. hxg5 Bf8 27. Ne2 Qh7 28. Nxf4 exf4
29. Bxf4 Bg7 30. Rad1 Nd7 31. Ng3 Ne5 32. Ne2 Rf7 33. Qg3 Nc7 34. Kf2 Kf8 35.
Rh1 Qg8 36. Ke3 Re8 37. Bh3 Ke7 38. Bxe5 Bxe5 39. f4 Bg7 40. Be6 Bxe6 41. dxe6
Nxe6 42. f5 Bd4+ 43. Nxd4 cxd4+ 44. Kd2 gxf5 45. g6 fxe4 46. Qh4+ Rf6 47. Qxe4
Rxg6 48. Qb7+ Kd8 49. Rde1 Nc7 50. Rxe8+ Nxe8 51. Qa8+ Kd7 52. Qa7+ Nc7 53.
Qxd4 Rg2+ 54. Kc1 Rxc2+ 55. Kxc2 Qg2+ 56. Kd3 Qxh1 57. Qg7+ Kc6 58. Qc3+ Kb7
59. Qg7 Qd5+ 60. Kc2 Qc5+ 61. Kb2 Qe5+ 0-1